ბათუმის შოთა რუსთაველის სახელმწიფო უნივერსიტეტის ბიბლიოთეკა

ჩანაწერი Corporate Name

ჩანაწერთა რაოდენობა, რომელიც გამოყენებულია: 1

001 - CONTROL NUMBER

  • control field: 15735

003 - CONTROL NUMBER IDENTIFIER

  • control field: GE_BSU

005 - DATE AND TIME OF LATEST TRANSACTION

  • control field: 20221102122019.0

008 - FIXED-LENGTH DATA ELEMENTS

  • fixed length control field: 221102|| aca||aabn | a|a d

040 ## - CATALOGING SOURCE

  • Original cataloging agency: GE_BSU
  • Transcribing agency: GE_BSU

110 ## - HEADING--CORPORATE NAME

  • Corporate name or jurisdiction name as entry element: შოთა რუსთაველის სახელმწ. უნ-ტი
  • Subordinate unit: სოც. მეცნ., ბიზნ. და სამართალმც. ფაკ. იურიდ. მეცნ. დეპარტამენტი.

670 ## - SOURCE DATA FOUND

  • Source citation: Work cat.: (GE_BSU): გაბაიძე, დავით 15731, საჯარო მმართველობის ორგანიზაციული მოწყობა /